000 00235 a2200109 4500
001 58828
082 _a629.13309COO
090 _c36131
_d36131
100 _aCombs, LFE
245 _aAircraft cockpit
260 _aUK
_bStephen
_c1990
942 _aNUST-CAE
_k629.13309COO
999 _c293901
_d293901